000 00874cam a22002774a 4500
001 13330736
005 20180208034529.0
008 030902s2004 nyua b 001 0 eng
010 _a 2003055906
020 _a0521819407 (hb)
020 _a0521525462 (pbk)
035 _a(DNLM)101189947
040 _aDNLM/DLC
_cDLC
_dDLC
041 _aeng
042 _apcc
060 1 0 _aWM 276
_bM33485 2004
080 _a615.7827 CAS
082 0 0 _a615.7827 CAS
_222
100 _a49
101 _aPSI
245 0 0 _aMarijuana and madness :
_cedited by David Castle, Robin Murray.
504 _aIncludes bibliographical references and index.
906 _a7
_bcbc
_corignew
_d1
_eocip
_f20
_gy-gencatlg
942 _2ddc
_cBK
999 _c42082
_d42082